000 00802nam a2200241Ia 4500
003 OSt
005 20221005113548.0
006 a|||||r|||| 00| 0
007 ta
008 221004b |||||||| |||| 00| 0 pan d
020 _c160
024 _a105538
037 _b7830/VIII/A, 31/01/2011, Arsee Publishers
_cTextual
040 _aCRL
_cCRL
_bpan
041 _2pan
_apan
082 _aY5927.2, 153P4
100 _aਸਰਬਜੀਤ ਸਿੰਘ, ਥਦ।
245 0 _aਦਲਿਤ ੑ ਦ੍ਰਿਟੀ
260 _aਲੁਧਿਲਾਣਾ
_bਚੇਤਨਾ ਭਾਰਤ
_c2004
300 _a176ਪੰ
_ccm.
942 _hY5927.2, 153P4
_cTEXL
_2cc
999 _c1028587
_d1028587